000 00593cam a2200145 4500500
005 20251228093427.0
041 _afre
042 _adc
100 1 0 _aLee Downs, Laura
_eauthor
245 0 0 _aCatherine Gousseff, Anna Sossinskaïa, éds. Les enfants de l’exil Récits d’écoliers après la Révolution de 1917 Paris : Bayard, 2005, 265p.
260 _c2005.
500 _a54
786 0 _nCahiers du monde russe | Vol 46 | 4 | 2005-11-01 | p. 859zq-990zq | 1252-6576
856 4 1 _uhttps://shs.cairn.info/revue-cahiers-du-monde-russe-2005-4-page-859zq?lang=fr&redirect-ssocas=7080
999 _c1604369
_d1604369